000 00293nam a22001337a 4500
003 SGT
020 _a9788499361277
082 _a747
_bHAU
100 _aHAUSMANN JOSE LUIS
245 _aINTERIOR DESIGN INSPIRATION 3
260 _aSPAIN
_bLOFT PUB
_c2012
300 _a594
942 _2ddc
_cBK
999 _c34376
_d34376